01018nam a2200265 i 4500001000300000245010600003260004000109300002800149490003400177490009100211651003100302700004200333700003100375700003000406830004100436830006000477020001800537020001500555040000800570041000800578044000800586080001900594008004100613856009800654bg aKaiserreich und Erster Weltkrieg 1871 - 1918 /chrsg. von Rüdiger vom Bruch und Björn Hofmeister. aStuttgart :bPhilipp Reclam,c2006. a511 s. :bil. ;c15 cm. 0aUniversal-Bibliothek ;n17008 0aDeutsche Geschichte in Quellen und Darstellung / hrsg. von Rainer A. Müller ;nBd. 8 9aNiemcyxhistoriay19-20 w.1 aVom Bruch, Rüdigerd(1944- ).eRed.1 aHofmeister, Björn.eRed.1 aMüller, Rainer A.eRed. 0aReclam Universal-Bibliothek ;n17008 0aDeutsche Geschichte in Quellen und Darstellung ;nBd. 8 a9783150170083 a3150170087 cBPK0 ager aDEU a94(430)"18/19" s pl f |000 0 pol  uhttp://koha.tu.koszalin.pl/cgi-bin/koha/opac-detail.pl?biblionumber=54564yKatalog online BPK